000 00533 a2200169 4500
999 _c523
_d523
008 221025b ||||| |||| 00| 0 eng d
020 _a9789332548909
082 0 0 _a658.4038
_bL372
100 _aLaudon, Kenneth C.
_95249
245 _aManagement information system: managing the digital firm /
_cKenneth C. Laudon, and Jane P. Laudon
250 _a14th ed.
260 _aDelhi:
_bPearson Education,
_c2016.
300 _axxx, 688 p.
650 0 _aManagement Information Systems
700 _95250
_aLaudon, Jane P.
942 _2ddc
_cBK